000 00683nam a2200217 a 4500
001 55840
003 BD-RjUL
005 20211209080324.0
008 161122s1951 enk 001 0 eng
035 _a(BD-RjUL)55964
040 _aDLC
_cTxU
_dUk
_dBD-RjUL
_beng
041 _aeng
082 _a821.912
_223
_bKOW 1951
100 1 _aKoch, Vivienne.
_9166257
245 1 0 _aW.B. Yeats, the tragic phase :
_ba study of the last poems /
_cby Vivienne Koch.
260 _aLondon :
_bRoutledge & K. Paul,
_c1951.
300 _a151 p. ;
_c23 cm.
500 _aIncludes index.
600 1 0 _aYeats, W. B.
_q(William Butler),
_d1865-1939
_xCriticism and interpretation.
_9161110
942 _2ddc
_cBK
999 _c55840
_d55840